000 00624nam a2200253Ia 4500
005 20260121155407.0
008 008 260114s9999 xx 000 0 eng d
020 _a9780429297212
037 _aEBOOK
040 _aCRL
040 _beng
040 _cCRL
041 _2eng
041 _aeng
084 _qCRL
100 _a Stephen Ward; Catherine A. Simon
_91018955
245 2 _aA Student's Guide to Education Studies
260 _bTaylor and Francis
260 _c2020
856 _uhttp://www.taylorfrancis.com/books/9780429297212
942 _cEBOOK
999 _c1585774
_d1585774